| 000 | 00446 a2200169 4500 | ||
|---|---|---|---|
| 005 | 20250626055128.0 | ||
| 020 | _a0-07-034309-8 | ||
| 082 | _a300.72 KAT | ||
| 100 | _aKATZER, J | ||
| 245 | _aEvaluating Information: A Guide for Users of Social Science Research | ||
| 250 | _a4th Ed. | ||
| 260 |
_aBoston _bMcGraw-Hill _c1998. |
||
| 300 |
_axvi,297p. _bIndex _c23cm |
||
| 700 | _aKenneth H. Cook | ||
| 700 | _aWayne W. Crouch | ||
| 942 |
_2ddc _cBKS |
||
| 999 |
_c5174 _d5174 |
||